Kirk-Othmer encyclopedia of chemical technology / (Record no. 20817)
[ view plain ]
| 000 -LEADER | |
|---|---|
| fixed length control field | 01523cam a22003135a 4500 |
| 001 - CONTROL NUMBER | |
| control field | ocm85485151 |
| 003 - CONTROL NUMBER IDENTIFIER | |
| control field | OSt |
| 005 - DATE AND TIME OF LATEST TRANSACTION | |
| control field | 20160623121711.0 |
| 008 - FIXED-LENGTH DATA ELEMENTS--GENERAL INFORMATION | |
| fixed length control field | 070223t2007 njua frbe 001 0 eng d |
| 020 ## - INTERNATIONAL STANDARD BOOK NUMBER | |
| International Standard Book Number | 9780471484998 |
| 040 ## - CATALOGING SOURCE | |
| Original cataloging agency | DLC |
| Language of cataloging | eng |
| Transcribing agency | DLC |
| Modifying agency | EG-ScBUE |
| -- | EG-ScBUE |
| 082 04 - DEWEY DECIMAL CLASSIFICATION NUMBER | |
| Classification number | 660.03 |
| Item number | KIR |
| Edition number | 22 |
| 245 00 - TITLE STATEMENT | |
| Title | Kirk-Othmer encyclopedia of chemical technology / |
| Statement of responsibility, etc | Editor Arza Seidel. |
| 246 30 - VARYING FORM OF TITLE | |
| Title proper/short title | Encyclopedia of chemical technology |
| 246 30 - VARYING FORM OF TITLE | |
| Title proper/short title | Chemical technology |
| 250 ## - EDITION STATEMENT | |
| Edition statement | 5th ed. |
| 260 ## - PUBLICATION, DISTRIBUTION, ETC. (IMPRINT) | |
| Place of publication, distribution, etc | Hoboken : |
| Name of publisher, distributor, etc | Wiley-Interscience / John Wiley & Sons, Inc., |
| Date of publication, distribution, etc | c.2007. |
| 300 ## - PHYSICAL DESCRIPTION | |
| Extent | v. 23 : |
| Other physical details | ill. ; |
| Dimensions | 26 cm. |
| 500 ## - GENERAL NOTE | |
| General note | Kirk-Othmer encyclopedia of chemical technology is available online in full color and with additional content at <br/>http://www.interscience.wiley.com/cgi-bin/mrwhome/104554789/HOME. |
| 504 ## - BIBLIOGRAPHY, ETC. NOTE | |
| Bibliography, etc | Includes bibliographical references and index. |
| 505 ## - FORMATTED CONTENTS NOTE | |
| Formatted contents note | v. 23. So-Su. |
| 520 ## - SUMMARY, ETC. | |
| Summary, etc | The fifth edition of the Kirk-Othmer Encyclopedia of Chemical Technology, builds upon the solid foundation of the previous editions, which have proven to be a mainstay for chemists, biochemists, and engineers at academic, industrial, and government institutions since publication of the first edition in 1949. |
| 650 #7 - SUBJECT ADDED ENTRY--TOPICAL TERM | |
| Topical term or geographic name as entry element | Chemistry, Technical |
| Form subdivision | Encyclopedias. |
| Source of heading or term | BUEsh |
| 9 (RLIN) | 40304 |
| 651 ## - SUBJECT ADDED ENTRY--GEOGRAPHIC NAME | |
| Source of heading or term | BUEsh |
| 653 ## - INDEX TERM--UNCONTROLLED | |
| Resource For college | Engineering, Chemical |
| Arrived date list | September2015 |
| -- | June2016 |
| 700 1# - ADDED ENTRY--PERSONAL NAME | |
| Personal name | Seidel, Arza, |
| Relator term | editor. |
| 9 (RLIN) | 40305 |
| 856 40 - ELECTRONIC LOCATION AND ACCESS | |
| Uniform Resource Identifier | <a href="http://www.interscience.wiley.com/cgi-bin/mrwhome/104554789/HOME">http://www.interscience.wiley.com/cgi-bin/mrwhome/104554789/HOME</a> |
| 942 ## - ADDED ENTRY ELEMENTS (KOHA) | |
| Source of classification or shelving scheme | Dewey Decimal Classification |
| Call number prefix | 660.03 KIR |
| Withdrawn status | Item status | Source of classification or shelving scheme | Damaged status | Not for loan | Vendor | Home library | Current library | Shelving location | Date acquired | Source of acquisition | Cost, normal purchase price | Serial Enumeration / chronology | Total Checkouts | Full call number | Barcode | Date last seen | Cost, replacement price | Koha item type |
|---|---|---|---|---|---|---|---|---|---|---|---|---|---|---|---|---|---|---|
| Dewey Decimal Classification | Baccah | Central Library | Central Library | Ground Floor | 01/09/2015 | 3908.00 | 23317 | 660.03 KIR | 000030895 | 15/07/2025 | 4884.00 | Reference (NB) |